| 000 | 01451cam a2200337 a 4500 | ||
|---|---|---|---|
| 001 | 16044988 | ||
| 005 | 20101012132354.0 | ||
| 008 | 100107s2010 inu b 001 0 eng | ||
| 020 | _a9780253354792 (cl : alk. paper) | ||
| 020 | _a025335479X (cl : alk. paper) | ||
| 020 | _a9780253221995 (pb : alk. paper) | ||
| 020 | _a0253221994 (pb : alk. paper) | ||
| 035 | _a(OCoLC)ocn437301835 | ||
| 040 |
_aDLC _cDLC _dYDX _dBTCTA _dYDXCP _dUKM _dCDX _dDLC |
||
| 082 | 0 | 0 |
_a297.09 _222 _bISL |
| 245 | 0 | 0 |
_aIslamophobia/Islamophilia : _bBeyond the Politics of Enemy and Friend / _cedited by Andrew Shryock. |
| 260 |
_aBloomington : _bIndiana University Press, _cc2010. |
||
| 300 |
_avii, 250 p. ; _c24 cm. |
||
| 490 | 1 |
_aIndiana series in Middle East studies _928848 |
|
| 504 | _aIncludes bibliographical references and index. | ||
| 650 | 0 |
_aIslam _xPublic opinion. _928849 |
|
| 650 | 0 |
_aMuslims _xPublic opinion. _928850 |
|
| 650 | 0 |
_aIslam and culture. _928851 |
|
| 650 | 0 |
_aIslam and politics. _928852 |
|
| 653 |
_bPol _cFebruary2012 |
||
| 700 | 1 |
_aShryock, Andrew. _928853 |
|
| 830 | 0 |
_aIndiana series in Middle East studies. _928854 |
|
| 942 |
_2ddc _cBB |
||
| 999 |
_c16451 _d16451 |
||